<?xml version="1.0" encoding="UTF-8"?>
<record
    xmlns:xsi="http://www.w3.org/2001/XMLSchema-instance"
    xsi:schemaLocation="http://www.loc.gov/MARC21/slim http://www.loc.gov/standards/marcxml/schema/MARC21slim.xsd"
    xmlns="http://www.loc.gov/MARC21/slim">

  <leader>00399nam a2200145Ia 4500</leader>
  <controlfield tag="008">230411s9999    xx            000 0 und d</controlfield>
  <datafield tag="020" ind1=" " ind2=" ">
    <subfield code="a">978-81-8448-943-9</subfield>
  </datafield>
  <datafield tag="041" ind1=" " ind2=" ">
    <subfield code="a">eng</subfield>
  </datafield>
  <datafield tag="082" ind1=" " ind2=" ">
    <subfield code="a">AD/610.6/CLE/B06505</subfield>
  </datafield>
  <datafield tag="100" ind1=" " ind2=" ">
    <subfield code="a">Clement I</subfield>
    <subfield code="9">119826</subfield>
  </datafield>
  <datafield tag="245" ind1=" " ind2=" ">
    <subfield code="a">Internship Textbook for General Nursing and Midwifery</subfield>
  </datafield>
  <datafield tag="260" ind1=" " ind2=" ">
    <subfield code="b">B J Publisher</subfield>
    <subfield code="a">New Delhi</subfield>
  </datafield>
  <datafield tag="300" ind1=" " ind2=" ">
    <subfield code="a">394p</subfield>
  </datafield>
  <datafield tag="999" ind1=" " ind2=" ">
    <subfield code="c">156907</subfield>
    <subfield code="d">156907</subfield>
  </datafield>
  <datafield tag="952" ind1=" " ind2=" ">
    <subfield code="0">0</subfield>
    <subfield code="1">0</subfield>
    <subfield code="4">0</subfield>
    <subfield code="7">0</subfield>
    <subfield code="8">AD</subfield>
    <subfield code="a">BTIN</subfield>
    <subfield code="b">BTIN</subfield>
    <subfield code="d">2010-12-21</subfield>
    <subfield code="e">B.J.Medical Co-oprative College Stores</subfield>
    <subfield code="g">395.00</subfield>
    <subfield code="i">2892</subfield>
    <subfield code="l">9</subfield>
    <subfield code="m">4</subfield>
    <subfield code="o">AD 610.6 CLE B06505</subfield>
    <subfield code="p">BTIN-BK-6505</subfield>
    <subfield code="r">2025-10-03 16:39:36</subfield>
    <subfield code="s">2025-09-15</subfield>
    <subfield code="v">296.00</subfield>
    <subfield code="w">2010-12-21</subfield>
    <subfield code="y">BK</subfield>
    <subfield code="z">B06505</subfield>
  </datafield>
  <datafield tag="952" ind1=" " ind2=" ">
    <subfield code="0">0</subfield>
    <subfield code="1">0</subfield>
    <subfield code="4">0</subfield>
    <subfield code="7">3</subfield>
    <subfield code="8">AD</subfield>
    <subfield code="a">BTIN</subfield>
    <subfield code="b">BTIN</subfield>
    <subfield code="d">2012-02-25</subfield>
    <subfield code="e">Jaypee Brothers Medical Publishers</subfield>
    <subfield code="g">325.00</subfield>
    <subfield code="i">2892</subfield>
    <subfield code="o">AD 610.6 CLE B07020</subfield>
    <subfield code="p">BTIN-BK-7020</subfield>
    <subfield code="r">2023-04-11 00:00:00</subfield>
    <subfield code="v">237.00</subfield>
    <subfield code="w">2010-12-21</subfield>
    <subfield code="y">BK</subfield>
    <subfield code="z">B07020</subfield>
  </datafield>
  <datafield tag="952" ind1=" " ind2=" ">
    <subfield code="0">0</subfield>
    <subfield code="1">0</subfield>
    <subfield code="4">0</subfield>
    <subfield code="7">0</subfield>
    <subfield code="8">AD</subfield>
    <subfield code="a">BTIN</subfield>
    <subfield code="b">BTIN</subfield>
    <subfield code="d">2014-05-12</subfield>
    <subfield code="e">Jaypee Brothers Medical Publishers</subfield>
    <subfield code="g">450.00</subfield>
    <subfield code="i">2892</subfield>
    <subfield code="l">15</subfield>
    <subfield code="m">7</subfield>
    <subfield code="o">AD 610.6 CLE B07669</subfield>
    <subfield code="p">BTIN-BK-7669</subfield>
    <subfield code="r">2026-02-07 11:19:08</subfield>
    <subfield code="s">2026-01-31</subfield>
    <subfield code="v">328.00</subfield>
    <subfield code="w">2010-12-21</subfield>
    <subfield code="y">BK</subfield>
    <subfield code="z">B07669</subfield>
  </datafield>
  <datafield tag="952" ind1=" " ind2=" ">
    <subfield code="0">0</subfield>
    <subfield code="1">0</subfield>
    <subfield code="4">0</subfield>
    <subfield code="7">0</subfield>
    <subfield code="8">AD</subfield>
    <subfield code="a">BTIN</subfield>
    <subfield code="b">BTIN</subfield>
    <subfield code="d">2014-05-12</subfield>
    <subfield code="e">Jaypee Brothers Medical Publishers</subfield>
    <subfield code="g">450.00</subfield>
    <subfield code="i">2892</subfield>
    <subfield code="l">9</subfield>
    <subfield code="m">6</subfield>
    <subfield code="o">AD 610.6 CLE B07670</subfield>
    <subfield code="p">BTIN-BK-7670</subfield>
    <subfield code="r">2025-09-12 00:00:00</subfield>
    <subfield code="s">2025-07-24</subfield>
    <subfield code="v">328.00</subfield>
    <subfield code="w">2010-12-21</subfield>
    <subfield code="y">BK</subfield>
    <subfield code="z">B07670</subfield>
  </datafield>
</record>
